Noche del mundo y razón utópica
Збережено в:
| Формат: | Книга |
|---|---|
| Мова: | Spanish |
| Опубліковано: |
San José, Costa Rica
Ediciones Perro Azul
2003
|
| Предмети: | |
| Теги: |
Додати тег
Немає тегів, Будьте першим, хто поставить тег для цього запису!
|
MARC
| LEADER | 00000nam a2200000Ia 4500 | ||
|---|---|---|---|
| 008 | 170316s9999 xx 000 0 spa d | ||
| 020 | |a 9968-834-04 | ||
| 040 | |a cru BVZT | ||
| 090 | |a 100 N-6.1n | ||
| 245 | |a Noche del mundo y razón utópica |c / Fernando Ainsa, Beat Dietschy, Rubén Dri, Roberto Fragomeno, Franz Hinkelammert, Kalus Kufeld, autores | ||
| 260 | |a San José, Costa Rica | ||
| 260 | |b Ediciones Perro Azul | ||
| 260 | |c 2003 | ||
| 300 | |a 192 páginas | ||
| 500 | |a Compilación | ||
| 650 | |a FILOSOFÍA |9 5 |x UTOPÍA | ||
| 650 | |a ERNST BLOCH |9 1515 | ||
| 999 | |c 15447 |d 15447 | ||
| 942 | |c 15 D |h 100 N-6.1n |2 z | ||
